| Tag |
First Indicator |
Second Indicator |
Subfields |
| LEADER |
00000cam a2200000Ii 4500 |
| 001 |
in00004535513 |
| 005 |
20190705091040.0 |
| 006 |
m d |
| 007 |
cr cn |||||||| |
| 008 |
120213s2020 moua ob 000 0 eng d |
| 020 |
|
|
|a 9780323596206
|q electronic book
|
| 020 |
|
|
|a 0323596207
|q electronic book
|
| 020 |
|
|
|a 9780323596190
|q paperback
|
| 020 |
|
|
|a 0323596193
|q paperback
|
| 035 |
|
|
|a (OCoLC)on1100643320
|
| 035 |
|
|
|a (OCoLC)1100643320
|
| 040 |
|
|
|a COU
|b eng
|e rda
|c COU
|d COU
|d TMC
|d SMC
|d MMU
|d TMV
|d UtOrBLW
|
| 049 |
|
|
|a TMVM
|
| 050 |
|
4 |
|a QH631
|
| 060 |
|
4 |
|a QH 631
|b C394 2020eb
|
| 245 |
0 |
0 |
|a Cellular physiology and neurophysiology /
|c [edited by] Mordecai P. Blaustein, Joseph P.Y. Kao, Donald R. Matteson.
|
| 250 |
|
|
|a Third edition.
|
| 264 |
|
1 |
|a St. Louis, Missouri :
|b Elsevier,
|c [2020]
|
| 264 |
|
4 |
|c ©2020
|
| 300 |
|
|
|a 1 online resource :
|b illustrations.
|
| 336 |
|
|
|a text
|b txt
|2 rdacontent
|0 http://id.loc.gov/vocabulary/contentTypes/txt
|
| 337 |
|
|
|a computer
|b c
|2 rdamedia
|0 http://id.loc.gov/vocabulary/mediaTypes/c
|
| 338 |
|
|
|a online resource
|b cr
|2 rdacarrier
|0 http://id.loc.gov/vocabulary/carriers/cr
|
| 490 |
1 |
|
|a Mosby physiology monograph series
|
| 500 |
|
|
|a Electronic resource.
|
| 500 |
|
|
|a Description based on opening page (viewed May 17, 2019).
|
| 504 |
|
|
|a Includes bibliographical references and index.
|
| 505 |
0 |
|
|a Introduction : homeostasis and cellular physiology -- Diffusion and permeability -- Osmotic pressure and water movement -- Electrical consequences of ionic gradients -- Ion channels -- Passive electrical properties of membranes -- Generation and propagation of the action potential -- Ion channel diversity -- Electrochemical potential energy and transport processes -- Passive solute transport -- Active transport -- Synaptic physiology I -- Synaptic physiology II -- Molecular motors and the mechanism of muscle contraction -- Excitation-contraction coupling in muscle -- Mechanics of muscle contraction.
|
| 588 |
|
|
|a Description based on online resource; title from electronic title page (ClinicalKey, May 14, 2019).
|
| 650 |
|
0 |
|a Cell physiology.
|0 http://id.loc.gov/authorities/subjects/sh85021662
|
| 650 |
|
0 |
|a Neurophysiology.
|0 http://id.loc.gov/authorities/subjects/sh85091159
|
| 650 |
|
2 |
|a Cell Physiological Phenomena.
|0 (DNLM)D002468
|0 https://id.nlm.nih.gov/mesh/D002468
|
| 650 |
|
2 |
|a Biological Transport
|x physiology.
|0 (DNLM)D001692Q000502
|0 https://id.nlm.nih.gov/mesh/D001692Q000502
|
| 650 |
|
2 |
|a Muscle Contraction
|x physiology.
|0 (DNLM)D009119Q000502
|0 https://id.nlm.nih.gov/mesh/D009119Q000502
|
| 650 |
|
2 |
|a Nervous System Physiological Phenomena.
|0 (DNLM)D009424
|0 https://id.nlm.nih.gov/mesh/D009424
|
| 655 |
|
7 |
|a Ebooks.
|2 local
|
| 655 |
|
7 |
|a Electronic books.
|2 local
|
| 700 |
1 |
|
|a Blaustein, Mordecai P.,
|e editor.
|
| 700 |
1 |
|
|a Kao, Joseph P. Y.,
|e editor.
|0 http://id.loc.gov/authorities/names/n2002158953
|
| 700 |
1 |
|
|a Matteson, Donald R.,
|e editor.
|0 http://id.loc.gov/authorities/names/n2002158954
|
| 700 |
1 |
|
|i Proceeded by:
|a Blaustein, Mordecai P.
|t Cellular physiology.
|
| 710 |
2 |
|
|a Elsevier Science (Firm)
|0 http://id.loc.gov/authorities/names/no99049782
|
| 730 |
0 |
|
|a ClinicalKey.
|
| 830 |
|
0 |
|a Mosby physiology monograph series.
|0 http://id.loc.gov/authorities/names/n00005988
|
| 856 |
4 |
0 |
|u http://proxy.library.tamu.edu/login?url=https://www.clinicalkey.com/dura/browse/bookChapter/3-s2.0-C20160042821
|z Connect to the full text of this electronic book.
|t 0
|
| 999 |
|
|
|a MARS
|
| 999 |
f |
f |
|s b3ac1fad-fc8e-307f-8b97-9c0bd541e98a
|i 245d69da-1c15-3de4-9ed5-d0a8186f127d
|t 0
|
| 952 |
f |
f |
|a Texas A&M University
|b College Station
|c Electronic Resources
|d Available Online
|t 0
|e QH 631 C394 2020eb
|h National Library of Medicine classification
|
| 998 |
f |
f |
|a QH 631 C394 2020eb
|t 0
|l Available Online
|